000 00401nam a2200157Ia 4500
008 151213s9999 xx 000 0 und d
020 _a057121654-4
100 _aPhilip Lorkin
245 _aCollected Poems
_cPhilip Lorkin
260 _aLondon
_bMarvell Press
_c2003
300 _a8627 p.
650 _aEnglish Literature
650 _aEnglish Literature
700 _aPhilip Lorkin
999 _c4416
_d4416